Jack Wild Filmography - Statistics

General Stats
  • This quiz has been taken 2 times
  • The average score is 3 of 48
Answer Stats
Type Year Name % Correct
Film 1968 Oliver!
100%
Film 1971 Flight of the Doves
50%
TV Show 1969-1970 H.R. Pufnstuf
50%
Film 1971 Melody
50%
Film 1973 The 14
50%
Film 1982 Alicja
0%
TV Show 1969 Armchair Theatre
0%
TV Show 1971 Ask Aspel
0%
Film 1998 Basil
0%
TV Special 2005 Celebrate 'Oliver!'
0%
Film 1967 Danny the Dragon
0%
TV Show 1969 Dee Time
0%
TV Show 1978-1979 Everyday Maths
0%
TV Show 1971 Film Night
0%
TV Show 1966 George and the Dragon
0%
Film 1976 Keep It Up Downstairs
0%
TV Show 1968 Knock Three Times
0%
TV Show 1969-1972 Lift Off with Ayshea
0%
TV Show 2000 Lock, Stock...
0%
Film 2005 Moussaka & Chips
0%
TV Mini-Series 1976 Our Mutual Friend
0%
TV Show 1965 Out of the Unknown
0%
Film 1967 Poor Cow
0%
Film 1970 Pufnstuf
0%
Film 1991 Robin Hood: Prince of Thieves
0%
TV Show 1973 Sigmund and the Sea Monsters
0%
TV Show 1967 Sir Arthur Conan Doyle
0%
TV Show 1970 Something Else
0%
TV Show 1966 Theatre 625
0%
TV Show 1970 The Engelbert Humperdinck Show
0%
TV Show 1976 The Government Inspector
0%
TV Show 1968 The Harry Secombe Show
0%
TV Show 1969 The Kraft Music Hall
0%
TV Show 1969 The Liberace Show
0%
TV Show 1969-1971 The Mike Douglas Show
0%
TV Show 1966 The Newcomers
0%
TV Show 1972 The Ondein Line
0%
Film 1972 The Pied Piper
0%
TV Show 1979-1980 The Ravelled Thread
0%
TV Show 1969 The Red Skelton Hour
0%
TV Show 1971 The Val Doonican Show
0%
TV Show 1966 The Wednesday Play
0%
TV Special 1973 The World of Sid & Marty Krofft at the Hollywood Bowl
0%
TV Show 1969 Thirty-Minute Theatre
0%
TV Show 1970 Top of the Pops
0%
Documentary Series 1994 Unsolved Mysteries
0%
TV Show 1995 Wales Playhouse
0%
TV Show 1967, 1968 Z Cars
0%
No matching quizzes found
Score Distribution
Percent of People with Each Score
Percentile by Number Answered
Your Score History
You have not taken this quiz